000 00569nam a22001937a 4500
005 20251108171947.0
008 250721s1988 xx 000 0 ara d
082 1 4 _a155.4/محم
100 1 _aالنابلسي، محمد أحمد
245 1 0 _aذكاء الطفل قبل المدرسة /
264 1 _aبيروت :
_bدار النهضة العربية،
_c1988.
300 _a134ص
490 0 _aسلسلة علم نفس الطفل ؛ 3
650 1 7 _aالطفل
650 1 7 _aالدراسة
650 1 7 _aالأطفال
942 _2ddc
_cBK
999 _c66982
_d66982